<?xml version="1.0" encoding="UTF-8"?>
<marc:record xmlns:marc="http://www.loc.gov/MARC21/slim">
   <marc:leader>00000nam a2200000 a 4500</marc:leader>
   <marc:datafield ind1="0" ind2="0" tag="245">
      <marc:subfield code="a">Spinnengift und Krötenschleim - Was kommt in den Kessel rein?</marc:subfield>
   </marc:datafield>
   <marc:datafield ind1="0" ind2="0" tag="245">
      <marc:subfield code="b">Was kommt in den Kessel rein?</marc:subfield>
   </marc:datafield>
   <marc:datafield ind1=" " ind2="1" tag="264">
      <marc:subfield code="b">Kosmos</marc:subfield>
      <marc:subfield code="c">2015</marc:subfield>
   </marc:datafield>
   <marc:datafield ind1="1" ind2=" " tag="520">
      <marc:subfield code="a">In der Hexenküche hat ein Kobold alles auf den Kopf gestellt! Wo war doch gleich das Bibberkraut? Und wo steckt die Würgewurzel? Das ist doch zum Hexenhaare raufen! Wer die richtigen Zutaten findet, darf die Hexe in der Hexenküche voranziehen und sammelt Hexenpunkte. Wer den Kessel zum Überlaufen bringt, erschafft sogar ein kleines Ungeheuer! Wer gewinnt dieses verhexte Memo-Spiel? Für 2 - 4 Spieler ab 5 Jahren.</marc:subfield>
   </marc:datafield>
   <marc:datafield ind1="3" ind2=" " tag="024">
      <marc:subfield code="a">4002051711160</marc:subfield>
   </marc:datafield>
</marc:record>
